Quick Pick: Real and Fake Birds Quiz Stats

Quiz Updated Aug 29, 2017

Challenge
Share
Tweet
Embed
Score 0/12 Timer 01:00
0 Plays Today
% Correct
Roadrunner
81.5%
Blue-footed Booby
79.2%
California Condor
75.2%
Laughing Kookaburra
74.1%
Hairy Woodpecker
62.3%
Shoebill
57.3%
Macaroni Penguin
56.1%
Southern Bentbill
55.2%
Singing Quail
52.6%
Large Frogmouth
48.2%
Night Parrot
46%
Peaceful Dove
45.4%

Today's Daily Dose

Missing Word
For Dummies Books

Word Ladder
Ariana Grande

Quick Pick
1970s Authors

On This Day
June 21st II

You're not logged in!

Compare scores with friends on all Sporcle quizzes.
Join for Free
OR
Log In

You Might Also Like...

Show Comments

Extras

Top Quizzes Today


Score Distribution

Your Account Isn't Verified!

In order to create a playlist on Sporcle, you need to verify the email address you used during registration. Go to your Sporcle Settings to finish the process.

Report this User

Report this user for behavior that violates our Community Guidelines.

Details: